[Event "PSV Duisburg 1 - Elberfelder SG 1"]
[Site "NRW-Klasse, Gruppe 1 2013/201"]
[Date "2013.09.15"]
[Round "1.3"]
[White "Hintze, Helge"]
[Black "Schmitz, Joachim"]
[Result "1-0"]
[WhiteElo "2285"]
[BlackElo "2232"]
[PlyCount "111"]
[EventDate "2013.??.??"]
[WhiteTeam "Elberfelder SG 1"]
[BlackTeam "PSV Duisburg 1"]

1. Nf3 c5 2. c4 Nf6 3. g3 b6 4. Bg2 Bb7 5. O-O g6 6. b3 Bg7 7. Bb2 O-O 8. Na3
Na6 9. e3 e6 10. d4 Qe7 11. Qe2 d6 12. Rfd1 Rfd8 13. Rac1 Nb4 14. dxc5 bxc5 15.
Bc3 a6 16. Qb2 Ne8 17. Bxg7 Nxg7 18. Nc2 Nc6 19. Rd2 Ne8 20. Rcd1 Rab8 21. h4
Nf6 22. Ng5 h6 23. Nf3 e5 24. Na3 e4 25. Nh2 Ne5 26. Nb1 Nf3+ 27. Nxf3 exf3 28.
Bh3 Ne4 29. Rd3 Bc8 30. Bxc8 Rbxc8 31. Nd2 Nxd2 32. Qxd2 Qe6 33. e4 Qxe4 34.
Qxh6 Re8 35. Rxd6 Qg4 36. Kh2 Rc7 37. Rd8 Rce7 38. Qg5 Qxg5 39. hxg5 Kf8 40. g4
Re2 41. Kg3 Rxa2 42. Kxf3 a5 43. Rxe8+ Kxe8 44. Rd5 Ra3 45. Ke4 Rxb3 46. Rxc5
a4 47. Ra5 a3 48. f4 Kd7 49. Ke5 Rf3 50. f5 gxf5 51. gxf5 Kc6 52. Kf6 Kb6 53.
Ra4 Kc5 54. Kg7 Rg3 55. g6 fxg6 56. f6 1-0

[Event "PSV Duisburg 1 - Elberfelder SG 1"]
[Site "NRW-Klasse, Gruppe 1 2013/201"]
[Date "2013.09.15"]
[Round "1.4"]
[White "Wengenroth, Walter"]
[Black "Kurr, Gerd"]
[Result "1/2-1/2"]
[WhiteElo "2210"]
[BlackElo "2169"]
[PlyCount "75"]
[EventDate "2013.??.??"]
[WhiteTeam "PSV Duisburg 1"]
[BlackTeam "Elberfelder SG 1"]

1. e4 c6 2. d4 d5 3. Nc3 dxe4 4. Nxe4 Nf6 5. Nxf6+ exf6 6. c3 Bd6 7. Bd3 O-O 8.
Ne2 Re8 9. O-O Qc7 10. Ng3 Nd7 11. c4 Nf8 12. Be3 f5 13. c5 Bf4 14. Qd2 Bxe3
15. fxe3 g6 16. e4 f4 17. Ne2 Ne6 18. Bc4 Ng5 19. e5 Be6 20. Bd3 f3 21. Qxg5
fxe2 22. Bxe2 Rad8 23. Qe3 Rd7 24. Rf4 Qd8 25. Raf1 Qg5 26. b3 Red8 27. Qf2 b6
28. cxb6 axb6 29. Bc4 Qe7 30. Rf6 Rxd4 31. Bxe6 fxe6 32. Rf7 Qc5 33. Rb7 Rd2
34. Qxc5 bxc5 35. Rff7 Rxa2 36. Rg7+ Kf8 37. Rgf7+ Kg8 38. Rg7+ 1/2-1/2

[Event "PSV Duisburg 1 - Elberfelder SG 1"]
[Site "NRW-Klasse, Gruppe 1 2013/201"]
[Date "2013.09.15"]
[Round "1.5"]
[White "Maj, Kornel"]
[Black "Heisel, Guido"]
[Result "1/2-1/2"]
[WhiteElo "1888"]
[BlackElo "2094"]
[PlyCount "71"]
[EventDate "2013.??.??"]
[WhiteTeam "Elberfelder SG 1"]
[BlackTeam "PSV Duisburg 1"]

1. Nf3 g6 2. e4 Bg7 3. d4 c6 4. g3 d5 5. exd5 cxd5 6. Bg2 Nf6 7. O-O O-O 8. c3
Nbd7 9. Nbd2 Re8 10. Re1 a5 11. Ne5 Ra6 12. Nf1 e6 13. f4 Nxe5 14. fxe5 Nd7 15.
Bf4 b5 16. Nd2 Rc6 17. Rc1 Ba6 18. Nf3 Qb6 19. Kh1 Rec8 20. Ng5 b4 21. Bd2 h6
22. Nh3 Bc4 23. Ra1 R6c7 24. Qg4 Bd3 25. Nf4 Bf5 26. Qe2 h5 27. h3 bxc3 28.
Bxc3 Rxc3 29. bxc3 Rxc3 30. Qf2 Rc2 31. Re2 Rxe2 32. Nxe2 Nxe5 33. Rf1 Nd3 34.
Qe3 Nb4 35. Qf4 Nd3 36. Qe3 1/2-1/2

[Event "PSV Duisburg 1 - Elberfelder SG 1"]
[Site "NRW-Klasse, Gruppe 1 2013/201"]
[Date "2013.09.15"]
[Round "1.6"]
[White "Kleff, Andre"]
[Black "Kesseler, Heiko"]
[Result "1-0"]
[WhiteElo "2108"]
[BlackElo "2024"]
[Annotator "Doe,John"]
[PlyCount "57"]
[EventDate "2013.??.??"]
[WhiteTeam "PSV Duisburg 1"]
[BlackTeam "Elberfelder SG 1"]

1. d4 Nf6 2. Nf3 e6 3. e3 d5 4. Bd3 Be7 5. Nbd2 Nbd7 6. O-O O-O 7. c3 c5 8. Ne5
Nxe5 9. dxe5 Nd7 10. f4 f5 11. exf6 Rxf6 12. e4 c4 13. Be2 Bc5+ 14. Kh1 Rh6 15.
g3 b5 16. Bf3 Bb7 $11 17. e5 Qc7 18. Bg2 Rd8 19. Nf3 d4 20. cxd4 Nb6 21. f5
exf5 22. Bxh6 gxh6 23. Qe2 Bxd4 24. Nxd4 Rxd4 25. Rxf5 Qd7 26. Raf1 Bd5 27. e6
Bxe6 28. Rf8+ Kg7 29. Qe5+ 1-0

[Event "PSV Duisburg 1 - Elberfelder SG 1"]
[Site "NRW-Klasse, Gruppe 1 2013/201"]
[Date "2013.09.15"]
[Round "1.7"]
[White "Wicht, Juergen"]
[Black "Sponheim, Marko"]
[Result "1/2-1/2"]
[WhiteElo "2086"]
[BlackElo "2036"]
[PlyCount "93"]
[EventDate "2013.??.??"]
[WhiteTeam "Elberfelder SG 1"]
[BlackTeam "PSV Duisburg 1"]

1. d4 Nf6 2. c4 c5 3. d5 b5 4. cxb5 a6 5. b6 d6 6. Nc3 Nbd7 7. e4 Nxb6 8. a4
Rb8 9. Nf3 g6 10. Be2 Bg7 11. O-O O-O 12. a5 Na8 13. Nd2 Nc7 14. Nc4 Nb5 15. e5
Nxc3 16. bxc3 dxe5 17. d6 Ne4 18. dxe7 Qxe7 19. Qc2 Bb7 20. Be3 f5 21. f3 Nf6
22. Nb6 f4 23. Bf2 e4 24. fxe4 Nxe4 25. Bc4+ Kh8 26. Rae1 Rbe8 27. Nd5 Qg5 28.
h4 Qf5 29. Nc7 Re7 30. Nxa6 Rc8 31. Re2 f3 32. gxf3 Qxf3 33. Bxc5 Qg4+ 34. Rg2
Qxg2+ 35. Qxg2 Nxc5 36. Qb2 Nxa6 37. Bxa6 Bxa6 38. Qb4 Rec7 39. Rf3 Rc4 40. Qb6
R4c6 41. Qb4 h5 42. Qe4 Kh7 43. Rf7 Kg8 44. Ra7 Bf8 45. Qd5+ Kh8 46. Qe5+ Kg8
47. Qd5+ 1/2-1/2

[Event "PSV Duisburg 1 - Elberfelder SG 1"]
[Site "NRW-Klasse, Gruppe 1 2013/201"]
[Date "2013.09.15"]
[Round "1.8"]
[White "Kretschmann, Thomas"]
[Black "Fuchs, Thomas"]
[Result "1-0"]
[WhiteElo "2091"]
[BlackElo "1937"]
[PlyCount "121"]
[EventDate "2013.??.??"]
[WhiteTeam "PSV Duisburg 1"]
[BlackTeam "Elberfelder SG 1"]

1. e4 c5 2. c3 g6 3. d4 cxd4 4. cxd4 d5 5. exd5 Nf6 6. Bb5+ Bd7 7. Bc4 b5 8.
Bb3 Bg7 9. Ne2 O-O 10. a3 Na6 11. Nbc3 Nc7 12. Bf4 Nce8 13. O-O a5 14. Qd3 b4
15. axb4 axb4 16. Nb5 Rxa1 17. Rxa1 Qb6 18. Na7 Nc7 19. Bxc7 Qxc7 20. Nc6 Qd6
21. Qc4 Nxd5 22. Ne5 Be6 23. Ra6 Nb6 24. Qb5 Bxb3 25. Rxb6 Ra8 26. f4 Qc7 27.
Qxb4 Bxe5 28. fxe5 Ra1+ 29. Kf2 Bd5 30. Qc5 Qd7 31. Rb8+ Kg7 32. Qc8 Qxc8 33.
Rxc8 Ra2 34. Rc2 Bb3 35. Nc1 Bxc2 36. Nxa2 Bb3 37. Nc1 Bc4 38. Ke3 f6 39. Nd3
Kf7 40. Nc5 Bd5 41. g3 g5 42. Kd3 f5 43. Ke3 Ke8 44. Na4 Bb3 45. Nc3 Kd7 46. d5
Kc7 47. Kd4 Bc2 48. Kc5 Bd3 49. b4 Ba6 50. b5 Bb7 51. Ne2 Kd7 52. Nd4 f4 53.
e6+ Ke8 54. g4 Ba8 55. Nf3 h6 56. Ne5 Bb7 57. Kd4 Kf8 58. Ke4 Kg7 59. b6 Kf8
60. Nd7+ Ke8 61. Nc5 1-0

[Event "SF Lieme 1 - Bielefelder SK 1"]
[Site "NRW-Klasse, Gruppe 1 2013/201"]
[Date "2013.09.15"]
[Round "1.1"]
[White "Malcher, Werner"]
[Black "Schmitz, Philipp"]
[Result "1-0"]
[WhiteElo "2322"]
[BlackElo "2195"]
[PlyCount "83"]
[EventDate "2013.??.??"]
[WhiteTeam "Bielefelder SK 1"]
[BlackTeam "SF Lieme 1"]

1. d4 Nf6 2. c4 g6 3. Nc3 Bg7 4. e4 O-O 5. Nf3 d6 6. Be2 e5 7. d5 a5 8. Bg5 h6
9. Bh4 Na6 10. Nd2 g5 11. Bg3 Nxe4 12. Ndxe4 f5 13. h4 fxe4 14. hxg5 hxg5 15.
Nxe4 Nc5 16. Bd3 Bf5 17. Nxc5 dxc5 18. Bxf5 Rxf5 19. Qg4 Qf6 20. Qe4 Ra6 21.
Rc1 Rb6 22. Rc2 Rb4 23. f3 Kf7 24. O-O b5 25. Be1 Rf4 26. Bxb4 cxb4 27. c5 Qd8
28. Qd3 Rd4 29. Qf5+ Qf6 30. Qc8 Rxd5 31. Qxc7+ Kg8 32. Qb7 Qe6 33. Re1 e4 34.
Rxe4 Rd1+ 35. Kf2 b3 36. axb3 Qxb3 37. Qc8+ Bf8 38. Qe6+ Qxe6 39. Rxe6 b4 40.
c6 b3 41. Rc4 Rd2+ 42. Re2 1-0

[Event "SF Lieme 1 - Bielefelder SK 1"]
[Site "NRW-Klasse, Gruppe 1 2013/201"]
[Date "2013.09.15"]
[Round "1.2"]
[White "Wittke, Rene"]
[Black "Forchert, Martin"]
[Result "1/2-1/2"]
[WhiteElo "2151"]
[BlackElo "2276"]
[PlyCount "38"]
[EventDate "2013.??.??"]
[WhiteTeam "SF Lieme 1"]
[BlackTeam "Bielefelder SK 1"]

1. d4 Nf6 2. Nf3 d5 3. c4 c6 4. Qc2 dxc4 5. g3 Bg4 6. Nbd2 e6 7. Bg2 Be7 8. O-O
O-O 9. Nxc4 Nbd7 10. Rd1 Bf5 11. Qb3 b5 12. Nce5 Be4 13. Nxd7 Nxd7 14. Bf4 Rc8
15. Rac1 Bd5 16. Qc2 f5 17. Ne5 Bxg2 18. Kxg2 Nxe5 19. Bxe5 Bg5 1/2-1/2

[Event "SF Lieme 1 - Bielefelder SK 1"]
[Site "NRW-Klasse, Gruppe 1 2013/201"]
[Date "2013.09.15"]
[Round "1.3"]
[White "Simon, Hans Christian"]
[Black "Essing, Arnold"]
[Result "1-0"]
[WhiteElo "2143"]
[BlackElo "2160"]
[PlyCount "41"]
[EventDate "2013.??.??"]
[WhiteTeam "Bielefelder SK 1"]
[BlackTeam "SF Lieme 1"]

1. e4 Nf6 2. e5 Nd5 3. c4 Nb6 4. d4 d6 5. f4 dxe5 6. fxe5 Bf5 7. Nc3 e6 8. Nf3
Bb4 9. Bd3 Bg4 10. O-O Bxc3 11. bxc3 c5 12. Ba3 cxd4 13. cxd4 Nc6 14. Be4 Nxc4
15. Qa4 Bxf3 16. Bxf3 Nxa3 17. Bxc6+ bxc6 18. Qxc6+ Kf8 19. Rxf7+ Kxf7 20. Rf1+
Ke7 21. Qb7+ 1-0

[Event "SF Lieme 1 - Bielefelder SK 1"]
[Site "NRW-Klasse, Gruppe 1 2013/201"]
[Date "2013.09.15"]
[Round "1.4"]
[White "Himpenmacher, Andy"]
[Black "Goeßling, Guido"]
[Result "1-0"]
[WhiteElo "2042"]
[BlackElo "2143"]
[PlyCount "55"]
[EventDate "2013.??.??"]
[WhiteTeam "SF Lieme 1"]
[BlackTeam "Bielefelder SK 1"]

1. e4 e5 2. Nf3 Nc6 3. Bb5 f5 4. d4 fxe4 5. Nxe5 Nxe5 6. dxe5 c6 7. Nc3 cxb5 8.
Nxe4 d5 9. exd6 Nf6 10. O-O Bf5 11. Nxf6+ Qxf6 12. Re1+ Kf7 13. Qd5+ Kg6 14.
Bf4 Rd8 15. Rad1 h6 16. Be5 Qf7 17. Qxb5 Kh7 18. c4 Rg8 19. Rd4 g5 20. f4 a6
21. Qa5 Re8 22. Rf1 Qd7 23. fxg5 Rxg5 24. h4 Rg6 25. Rdf4 Be6 26. Rxf8 Qc6 27.
Qd2 Bh3 28. R1f7+ 1-0

[Event "SF Lieme 1 - Bielefelder SK 1"]
[Site "NRW-Klasse, Gruppe 1 2013/201"]
[Date "2013.09.15"]
[Round "1.5"]
[White "Gruen, Gerd-Peter"]
[Black "Schaffarczyk, Andre"]
[Result "0-1"]
[WhiteElo "2268"]
[BlackElo "2042"]
[PlyCount "88"]
[EventDate "2013.??.??"]
[WhiteTeam "Bielefelder SK 1"]
[BlackTeam "SF Lieme 1"]

1. d4 d5 2. Nf3 Nf6 3. c4 e6 4. g3 Be7 5. Bg2 O-O 6. O-O c6 7. Qc2 Nbd7 8. Rd1
b6 9. b3 Bb7 10. Nc3 c5 11. cxd5 Nxd5 12. Nxd5 exd5 13. dxc5 bxc5 14. Bb2 Qb6
15. Rac1 Rfe8 16. Ne1 Qe6 17. Nd3 Bd6 18. e3 Rac8 19. Qe2 Nf6 20. Qf3 Ne4 21.
Nf4 Bxf4 22. Qxf4 a5 23. h4 a4 24. h5 axb3 25. axb3 h6 26. Kh2 Ng5 27. b4 Qd7
28. bxc5 Re4 29. Qd6 Qg4 30. Rxd5 Bxd5 31. c6 Qe6 32. Qxe6 Nxe6 33. Rd1 Bxc6
34. Rc1 Rc7 35. Ba3 Bb7 36. Rb1 Bd5 37. Rb8+ Kh7 38. Bd6 Rb7 39. Re8 Ng5 40.
Rd8 Ne6 41. Re8 Rd7 42. Bxe4+ Bxe4 43. Bb4 Rb7 44. Bc3 Rc7 0-1

[Event "SF Lieme 1 - Bielefelder SK 1"]
[Site "NRW-Klasse, Gruppe 1 2013/201"]
[Date "2013.09.15"]
[Round "1.6"]
[White "Stukenbrok, Nils"]
[Black "Forchert, Niko"]
[Result "1/2-1/2"]
[WhiteElo "2002"]
[BlackElo "2123"]
[PlyCount "49"]
[EventDate "2013.??.??"]
[WhiteTeam "SF Lieme 1"]
[BlackTeam "Bielefelder SK 1"]

1. d4 d5 2. c4 c6 3. Nf3 Nf6 4. e3 a6 5. b3 Bg4 6. Nbd2 e6 7. Bd3 c5 8. Qc2 Nc6
9. a3 cxd4 10. Nxd4 Nxd4 11. exd4 dxc4 12. Qxc4 Be7 13. Bb2 O-O 14. Rc1 Nd5 15.
Qc2 f5 16. O-O Bg5 17. Rfe1 Qf6 18. Be2 Bxe2 19. Rxe2 Rf7 20. Rd1 Rc7 21. Qb1
Bxd2 22. Rexd2 Rac8 23. Qd3 Kf7 24. Qe2 Qg5 25. g3 1/2-1/2

[Event "SF Lieme 1 - Bielefelder SK 1"]
[Site "NRW-Klasse, Gruppe 1 2013/201"]
[Date "2013.09.15"]
[Round "1.7"]
[White "Danielmeier, Ralf"]
[Black "Stork, Holger"]
[Result "0-1"]
[WhiteElo "2086"]
[BlackElo "2006"]
[PlyCount "82"]
[EventDate "2013.??.??"]
[WhiteTeam "Bielefelder SK 1"]
[BlackTeam "SF Lieme 1"]

1. e4 d5 2. exd5 Qxd5 3. Nf3 Bg4 4. Be2 Nc6 5. d4 O-O-O 6. c3 e5 7. h3 Bxf3 8.
Bxf3 e4 9. Be2 f5 10. O-O Nf6 11. b4 Bd6 12. Qa4 f4 13. b5 Nb8 14. f3 e3 15.
Qxa7 Be7 16. Bb2 Qf5 17. Na3 Bxa3 18. Qxa3 Rd6 19. c4 Nfd7 20. Bd3 Qg5 21. Qb3
Rh6 22. Kh1 Re8 23. Qc2 Nf6 24. Bc3 Qg3 25. Be1 Qg5 26. Qe2 Nbd7 27. a4 Nh5 28.
a5 Ree6 29. a6 bxa6 30. d5 Ref6 31. bxa6 Rxa6 32. Rxa6 Rxa6 33. c5 Rh6 34. c6
Nb6 35. Bc4 Kd8 36. Qd3 Rg6 37. Qe2 Nxc4 38. Rg1 Qxd5 39. Bh4+ Ke8 40. Rd1 Nd2
41. Qa6 Rxc6 0-1

[Event "SF Lieme 1 - Bielefelder SK 1"]
[Site "NRW-Klasse, Gruppe 1 2013/201"]
[Date "2013.09.15"]
[Round "1.8"]
[White "Schulte, Oliver"]
[Black "Gruettemeier, Uwe"]
[Result "1/2-1/2"]
[WhiteElo "1991"]
[BlackElo "2050"]
[PlyCount "32"]
[EventDate "2013.??.??"]
[WhiteTeam "SF Lieme 1"]
[BlackTeam "Bielefelder SK 1"]

1. d4 c6 2. Nf3 g6 3. e4 d5 4. Nbd2 Bg7 5. c3 Bg4 6. Be2 dxe4 7. Nxe4 Nd7 8.
Qb3 Qb6 9. h3 Bxf3 10. Bxf3 Ngf6 11. O-O Nxe4 12. Bxe4 O-O 13. Be3 Qxb3 14.
axb3 Nf6 15. Bf3 Nd5 16. Rfe1 Nxe3 1/2-1/2

[Event "SF Katernberg 2 - SG Bochum 2"]
[Site "NRW-Klasse, Gruppe 1 2013/201"]
[Date "2013.09.15"]
[Round "1.1"]
[White "Dahm, Jochen"]
[Black "Hoolt, Sarah"]
[Result "1-0"]
[WhiteElo "2248"]
[BlackElo "2294"]
[PlyCount "63"]
[EventDate "2013.??.??"]
[WhiteTeam "SG Bochum 2"]
[BlackTeam "SF Katernberg 2"]

1. Nf3 c5 2. e4 e6 3. c3 Nf6 4. e5 Nd5 5. d4 cxd4 6. cxd4 d6 7. Bc4 Nb6 8. Bb3
dxe5 9. Nxe5 Nc6 10. Nf3 Be7 11. O-O O-O 12. Nc3 Nb4 13. a3 N4d5 14. Qd3 Bd7
15. Bc2 f5 16. Re1 Rc8 17. Bb3 a6 18. Ne5 Bc6 19. Bd2 Bd6 20. Nxc6 Rxc6 21.
Rac1 Kh8 22. g3 Qc8 23. Qf3 f4 24. Qg4 fxg3 25. hxg3 Nf6 26. Qe2 Nc4 27. Bxc4
Rxc4 28. Ne4 Rxc1 29. Rxc1 Bc7 30. Nxf6 Rxf6 31. Qe5 Rf7 32. Bf4 1-0

[Event "SF Katernberg 2 - SG Bochum 2"]
[Site "NRW-Klasse, Gruppe 1 2013/201"]
[Date "2013.09.15"]
[Round "1.2"]
[White "Rosen, Bernd"]
[Black "Tkachuk, Konstantyn"]
[Result "1-0"]
[WhiteElo "2244"]
[BlackElo "2236"]
[Annotator "Doe,John"]
[PlyCount "91"]
[EventDate "2013.??.??"]
[WhiteTeam "SF Katernberg 2"]
[BlackTeam "SG Bochum 2"]

1. c4 g6 2. Nc3 Bg7 3. g3 d6 4. Bg2 e5 5. d3 f5 6. e3 Nf6 7. Nge2 O-O 8. O-O c6
9. Rb1 Be6 10. b3 d5 11. Qd2 Na6 12. Ba3 Re8 13. cxd5 Nxd5 14. Rfd1 Nac7 15.
Na4 Nb5 16. Bb2 Qe7 17. Rbc1 Nb4 18. Ba1 Rad8 19. Nc5 a5 20. a4 Nc7 21. d4 Bc8
22. Nd3 Nxd3 23. Qxd3 e4 24. Qd2 Be6 25. Rb1 Ra8 26. Bc3 b6 27. b4 axb4 28.
Bxb4 c5 29. dxc5 bxc5 30. Bc3 Red8 31. Qc2 Rxd1+ 32. Rxd1 Nd5 33. Bxg7 Kxg7 34.
Qb2+ Kh6 35. Qe5 Qf7 36. g4 Rxa4 37. h4 fxg4 38. Ng3 Ra2 39. Nxe4 c4 40. Rf1
Qf5 41. Qd4 c3 $11 42. Ng5 Rd2 43. Qh8 Nf6 44. e4 Qe5 45. Nxh7 Nd7 46. Nf6# 1-0

[Event "SF Katernberg 2 - SG Bochum 2"]
[Site "NRW-Klasse, Gruppe 1 2013/201"]
[Date "2013.09.15"]
[Round "1.3"]
[White "Kahleys, Kevin"]
[Black "Villwock, Martin"]
[Result "1-0"]
[WhiteElo "2223"]
[BlackElo "2155"]
[PlyCount "73"]
[EventDate "2013.??.??"]
[WhiteTeam "SG Bochum 2"]
[BlackTeam "SF Katernberg 2"]

1. Nf3 c5 2. c3 Nf6 3. d4 b6 4. Bf4 Bb7 5. e3 g6 6. h3 Bg7 7. Be2 O-O 8. O-O d6
9. Nbd2 Nbd7 10. a4 Nd5 11. Bh2 h6 12. Qb3 Kh8 13. a5 f5 14. a6 Bc6 15. c4 cxd4
16. cxd5 Nc5 17. Qa2 dxe3 18. dxc6 exd2 19. Nxd2 Qc8 20. Rac1 Ne6 21. b4 Nd4
22. Nf3 b5 23. Nxd4 Bxd4 24. Bxb5 Rb8 25. Qc4 e5 26. c7 Rb6 27. Rfd1 Kh7 28.
Kf1 f4 29. Bd7 Qxd7 30. c8=Q Rxc8 31. Qxc8 Qxc8 32. Rxc8 Rxb4 33. f3 Ra4 34.
Rc7+ Kg8 35. Rb1 Bb6 36. Rd7 Rxa6 37. Bg1 1-0

[Event "SF Katernberg 2 - SG Bochum 2"]
[Site "NRW-Klasse, Gruppe 1 2013/201"]
[Date "2013.09.15"]
[Round "1.4"]
[White "Wessendorf, Thomas"]
[Black "Mazarov, Juergen"]
[Result "1-0"]
[WhiteElo "2181"]
[BlackElo "2126"]
[PlyCount "85"]
[EventDate "2013.??.??"]
[WhiteTeam "SF Katernberg 2"]
[BlackTeam "SG Bochum 2"]

1. e4 e5 2. Nf3 Nf6 3. Nxe5 d6 4. Nf3 Nxe4 5. d4 d5 6. Bd3 Nc6 7. O-O Be7 8.
Re1 Bg4 9. c4 Nf6 10. cxd5 Bxf3 11. Qxf3 Qxd5 12. Qh3 Qxd4 13. Nc3 Rd8 14. Bf5
O-O 15. Be3 Qb4 16. a3 Qxb2 17. Bg5 h6 18. Reb1 Qxa1 19. Rxa1 hxg5 20. Qg3 Bd6
21. Qxg5 Be5 22. Qe3 Nd5 23. Qh3 g6 24. Bc2 Bxc3 25. Rb1 Rfe8 26. g3 Nd4 27.
Ba4 Re1+ 28. Rxe1 Bxe1 29. Kf1 Bc3 30. Qg4 b5 31. Bd1 Ne6 32. Bb3 c5 33. h4 c4
34. Bc2 Ng7 35. Qf3 a5 36. Be4 Nf6 37. Bxg6 fxg6 38. Qxc3 Nd5 39. Qxa5 Rb8 40.
Qa6 Rb6 41. Qa8+ Kh7 42. Qxd5 b4 43. Qc5 1-0

[Event "SF Katernberg 2 - SG Bochum 2"]
[Site "NRW-Klasse, Gruppe 1 2013/201"]
[Date "2013.09.15"]
[Round "1.5"]
[White "Nikolaiczuk, Lothar"]
[Black "Gassmann, Volker"]
[Result "1/2-1/2"]
[WhiteElo "2196"]
[BlackElo "2145"]
[PlyCount "41"]
[EventDate "2013.??.??"]
[WhiteTeam "SG Bochum 2"]
[BlackTeam "SF Katernberg 2"]

1. Nf3 e6 2. c4 Nf6 3. g3 d5 4. Bg2 c6 5. b3 Bd6 6. Bb2 Nbd7 7. O-O O-O 8. d3
Re8 9. Nbd2 b6 10. e4 dxe4 11. dxe4 e5 12. Qc2 Qe7 13. Rfd1 Bb7 14. Nf1 Bc5 15.
Bh3 h5 16. Nh4 g6 17. Qe2 Rad8 18. Rd3 Bd4 19. Bxd4 exd4 20. Rxd4 c5 21. Rd3
1/2-1/2

[Event "SF Katernberg 2 - SG Bochum 2"]
[Site "NRW-Klasse, Gruppe 1 2013/201"]
[Date "2013.09.15"]
[Round "1.6"]
[White "Bachmann, Karlheinz"]
[Black "Tkachuk, Sergij"]
[Result "1/2-1/2"]
[WhiteElo "2093"]
[BlackElo "2157"]
[PlyCount "74"]
[EventDate "2013.??.??"]
[WhiteTeam "SF Katernberg 2"]
[BlackTeam "SG Bochum 2"]

1. c4 Nf6 2. Nf3 g6 3. Nc3 Bg7 4. e4 d6 5. d4 O-O 6. Be2 e5 7. O-O Nc6 8. d5
Ne7 9. Ne1 Ne8 10. Nd3 f5 11. Bd2 f4 12. Bg4 h5 13. Bxc8 Rxc8 14. f3 g5 15. c5
Rf7 16. Rc1 Ng6 17. Qb3 b6 18. cxd6 cxd6 19. Nb5 g4 20. Rxc8 Qxc8 21. Rc1 Qd7
22. Be1 Bf8 23. Na3 gxf3 24. gxf3 Rg7 25. Nf2 Nh4+ 26. Kf1 Rg2 27. Qb5 Qd8 28.
Qc6 Rxh2 29. Qc8 Qe7 30. Ke2 Rg2 31. Nb5 Rg7 32. Bb4 Qd7 33. Qxd7 Rxd7 34. Rh1
Be7 35. Nd3 Bd8 36. Be1 Ng6 37. Rxh5 Nc7 1/2-1/2

[Event "SF Katernberg 2 - SG Bochum 2"]
[Site "NRW-Klasse, Gruppe 1 2013/201"]
[Date "2013.09.15"]
[Round "1.7"]
[White "Zeldin, Leonid"]
[Black "Mueller-Clostermann, Bruno"]
[Result "1/2-1/2"]
[WhiteElo "2022"]
[BlackElo "2056"]
[PlyCount "29"]
[EventDate "2013.??.??"]
[WhiteTeam "SG Bochum 2"]
[BlackTeam "SF Katernberg 2"]

1. Nf3 d6 2. d4 Bg4 3. g3 Bxf3 4. exf3 Nf6 5. Bg2 g6 6. O-O Bg7 7. c4 c6 8. Nc3
O-O 9. Be3 d5 10. Qb3 Qd7 11. cxd5 Nxd5 12. Ne4 Na6 13. Rfd1 Qc7 14. Bf1 Qb6
15. Qa3 1/2-1/2

[Event "SF Katernberg 2 - SG Bochum 2"]
[Site "NRW-Klasse, Gruppe 1 2013/201"]
[Date "2013.09.15"]
[Round "1.8"]
[White "Krueger, Erich"]
[Black "Giraud, Valerian"]
[Result "0-1"]
[WhiteElo "2027"]
[BlackElo "1967"]
[Annotator "Doe,John"]
[PlyCount "58"]
[EventDate "2013.??.??"]
[WhiteTeam "SF Katernberg 2"]
[BlackTeam "SG Bochum 2"]

1. d4 Nf6 2. c4 g6 3. Nc3 Bg7 4. e4 d6 5. Be2 O-O 6. Bg5 c5 7. d5 a6 8. a4 h6
9. Bf4 Qa5 10. Bd2 e6 11. Nf3 Qd8 12. O-O exd5 13. exd5 Bg4 14. h3 Bxf3 15.
Bxf3 Nbd7 16. Qb3 Qc7 17. Rae1 Rfe8 18. Bd1 Rxe1 $11 19. Rxe1 Re8 20. Rxe8+
Nxe8 21. Ne4 Nef6 22. Nxf6+ Nxf6 23. a5 Ne4 24. Be1 Bd4 25. Bc2 Qe7 26. Qd3
Nxf2 27. Bxf2 Qe1+ 28. Kh2 Bxf2 29. h4 Qg1+ 0-1

[Event "SG Niederkassel 1 - Südlohner SV 1"]
[Site "NRW-Klasse, Gruppe 1 2013/201"]
[Date "2013.09.15"]
[Round "1.1"]
[White "Funke, Reinhard"]
[Black "Stanetzek, Carsten"]
[Result "1/2-1/2"]
[WhiteElo "2142"]
[BlackElo "2232"]
[PlyCount "122"]
[EventDate "2013.??.??"]
[WhiteTeam "Südlohner SV 1"]
[BlackTeam "SG Niederkassel 1"]

1. d4 d5 2. c4 c6 3. Nf3 Nf6 4. e3 Bf5 5. Nc3 e6 6. Bd3 Bg6 7. O-O Nbd7 8. b3
Be7 9. Bb2 O-O 10. Qe2 Bxd3 11. Qxd3 a5 12. Rfe1 Re8 13. Rad1 Qb6 14. e4 dxe4
15. Nxe4 a4 16. c5 Qb4 17. Bc3 Qa3 18. Ned2 Nd5 19. Nc4 Qxa2 20. Nfd2 axb3 21.
Bb2 Qa4 22. Nxb3 Qb5 23. Rb1 Ra4 24. Nbd2 Qa6 25. Ra1 b5 26. cxb6 N7xb6 27.
Rxa4 Nxa4 28. Ba3 Bg5 29. Ne4 h6 30. Ned6 Rd8 31. Nxf7 Nf4 32. Qf1 Rxd4 33.
Nxg5 hxg5 34. Ne3 Qd3 35. Qxd3 Rxd3 36. Be7 Nd5 37. Bxg5 Nxe3 38. Bxe3 c5 39.
Kf1 Kf7 40. Ke2 c4 41. Bd2 e5 42. Rc1 Rd4 43. Be3 Rd6 44. Rxc4 Nb6 45. Rc7+ Nd7
46. h4 g6 47. g4 Kf6 48. Kf3 Ke6 49. h5 gxh5 50. gxh5 Kf5 51. Rc8 Nf6 52. Rf8
Rd1 53. Kg2 Rb1 54. h6 Kg6 55. Ra8 Rb4 56. Ra7 Rh4 57. Rg7+ Kf5 58. f3 Rh5 59.
Bd2 e4 60. fxe4+ Nxe4 61. Be3 Nf6 1/2-1/2

[Event "SG Niederkassel 1 - Südlohner SV 1"]
[Site "NRW-Klasse, Gruppe 1 2013/201"]
[Date "2013.09.15"]
[Round "1.2"]
[White "Riedel, Holger"]
[Black "Kolakovic, Klaudio"]
[Result "1/2-1/2"]
[WhiteElo "2179"]
[BlackElo "1969"]
[PlyCount "50"]
[EventDate "2013.??.??"]
[WhiteTeam "SG Niederkassel 1"]
[BlackTeam "Südlohner SV 1"]

1. Nf3 Nc6 2. d4 d5 3. g3 Nf6 4. Bg2 Ne4 5. c4 e6 6. O-O Be7 7. Nc3 Nxc3 8.
bxc3 O-O 9. Bf4 Na5 10. Nd2 c6 11. Rb1 b6 12. cxd5 exd5 13. e4 g5 14. exd5 gxf4
15. dxc6 Qc7 16. Re1 Bf5 17. Rb5 Bg6 18. Qf3 a6 19. Rbe5 Bd6 20. R5e2 Rac8 21.
d5 fxg3 22. hxg3 f5 23. Bh3 Rce8 24. Rxe8 Bxe8 25. Bxf5 Bg6 1/2-1/2

[Event "SG Niederkassel 1 - Südlohner SV 1"]
[Site "NRW-Klasse, Gruppe 1 2013/201"]
[Date "2013.09.15"]
[Round "1.3"]
[White "Darwisch, Khaled"]
[Black "Mende, Andreas"]
[Result "0-1"]
[WhiteElo "2007"]
[BlackElo "2146"]
[PlyCount "116"]
[EventDate "2013.??.??"]
[WhiteTeam "Südlohner SV 1"]
[BlackTeam "SG Niederkassel 1"]

1. e4 c5 2. d3 Nc6 3. g3 g6 4. Bg2 Bg7 5. Ne2 e5 6. O-O Nge7 7. Be3 d6 8. Qd2
O-O 9. Bh6 Nd4 10. Bxg7 Kxg7 11. c3 Nxe2+ 12. Qxe2 Qb6 13. b3 Qa5 14. Qb2 Nc6
15. Nd2 b5 16. a3 Qb6 17. h3 Be6 18. Kh2 b4 19. axb4 cxb4 20. c4 f6 21. f4 a5
22. f5 Bd7 23. fxg6 hxg6 24. Nf3 Ra7 25. d4 exd4 26. Rad1 a4 27. bxa4 Ne5 28.
Rxd4 Bxa4 29. Nxe5 dxe5 30. Rd5 Rc7 31. Ra1 Be8 32. Rc1 Rc5 33. Qf2 Rc6 34. c5
Qa5 35. Rd6 b3 36. Rd3 Bf7 37. Rd7 Rd8 38. Rb7 Rd2 39. Qe3 Qa2 40. Rg1 Qc2 41.
g4 Rd3 42. Qe1 Qxc5 43. Qh4 Rc7 44. Rb8 Rc8 45. Rb7 Qc6 46. Rxf7+ Kxf7 47. Qh7+
Ke6 48. Qxg6 Rf8 49. g5 Qe8 50. Qf5+ Kd6 51. Ra1 Qc8 52. Qf1 Qc2 53. Ra6+ Kc5
54. Qg1+ Rd4 55. Qa1 Rb8 56. g6 Rd2 57. Qa3+ Rb4 58. Ra5+ Kc4 0-1